01223nam a2200205 i 450000100060000000300090000600500170001500700030003200800410003510000480007624500750012426000470019930000090024650505430025565100510079865100500084971000460089971000500094585200220099539649ES-MaACL20250725093848.0t|030303q1869 sp ||||1| spa d1 aCánovas del Castillo, Antonio,d1828-189710aDiscursos parlamentarios 1867-1869 / cAntonio Cánovas del Castillo. aMadrid : b[s.n., c1869] (fDiego Valero) a1 v.8 aContiene: Discurso pronunciado en la sesión del Congreso el día 11 de abril de 1867 ; Discurso pronunciado en la sesión del Congreso el día 5 de junio de 1867 ; Discurso pronunciado en la sesión del Congreso el día 15 de junio de 1867 contra el proyecto de reglamento ; Discurso pronunciado en la sesión del Congreso el día 3 de julio de 1867 en contra del proyecto de arreglo de las deudas ; Discurso pronunciado en la sesión del día 8 de abril de 1869 de las Cortes Constituyentes sobre el proyecto de Constitución 7aEspaña-xPolítica y gobierno-y1843-18682 4aEspaña-xPolítica y gobierno-y1868-1874.1 aEspaña. bCortes Generales. bCongreso.1 aEspaña. bCortes Constituyentes (1869-1871)4 aES-MaACLjF-12907